000 00513nab a2200145Ia 4500
003 ES-SlBCS
005 20210601125331.0
008 140529s1971 xxu||||| |||| 00| 0 eng d
041 _aeng
100 1 _aGaffney, Susan Karutis
_9156933
245 0 0 _aDialectic, The Myths of Plato, Metaphor and the Trascendent in the World
_c Susan Karutis Gaffney
600 0 4 _aPlatón-Mitos
_9156934
773 0 _tProceedings of the American Catholic Philosophical Association
_gvol. 45, 1971, págs. 77-85
_wRev836
942 _cAR
999 _c528648
_d528648